[Event "EU-Cup 22nd"]
[Site "Fuegen"]
[Date "2006.10.14"]
[Round "7.5"]
[White "Nyback, Tomi"]
[Black "Malakhov, Vladimir"]
[Result "1-0"]
[WhiteElo "2575"]
[BlackElo "2682"]
[Annotator "Nyback,T"]
[PlyCount "73"]
[EventDate "2006.10.08"]
[EventType "team-swiss"]
[EventRounds "7"]
[EventCountry "AUT"]
[SourceTitle "CBM 115"]
[Source "ChessBase"]
[SourceDate "2006.11.15"]
[SourceVersion "1"]
[SourceVersionDate "2006.11.15"]
[SourceQuality "1"]
[WhiteTeam "Werder Bremen"]
[BlackTeam "Ural Sverdlovskaya"]
[WhiteTeamCountry "GER"]
[BlackTeamCountry "RUS"]

1. d4 {Rogozenko} d5 2. c4 c6 3. Nc3 Nf6 4. e3 a6 5. Qc2 $5 {I haven't tried
this before in a serious tournament game, but this move has been highly
popular in the highest level lately.} g6 {Most popular response, other options
are} (5... Bg4 $5 {and}) (5... e6 6. Nf3 c5 7. cxd5 exd5 8. Be2 Nc6 9. O-O {
which has been tested a lot lately.}) 6. Bd3 Bg7 7. Nf3 O-O 8. O-O Bg4 {
This strange move seems to be the main line at the moment. It is not without
some logic, Black's ideas connected to c5 work better with W hite having
exposed knight on e5.} 9. Ne5 Be6 {Rogozenko: 'This system was used by Hodgson
and Sokolov few years ago. Although it is considered a safe weapon against
White's tricky move order (which is designed to avoid the Chebanenko Slav), I
always found it somewhat passive. The present game is a good illustration of
what can happen when Black allows his opponent to seize space advantage.'} 10.
b3 {Rogozenko: 'Only this and 10.c5 can set some problems for Black.'} (10. c5
{is another possibility, but I wanted to keep my center flexible for the time
being.}) 10... c5 (10... Nbd7 {Rogozenko} 11. Nxd7 Qxd7 12. Na4 $14) 11. Ne2
Nfd7 $5 (11... cxd4 12. exd4 Nc6 13. Nxc6 bxc6 {has been more popular in this
position, without a reason in my opinion. White is better here.}) 12. Nxd7 Nxd7
13. Bb2 cxd4 14. exd4 (14. Nxd4 dxc4 15. bxc4 Nc5 16. Nxe6 Nxe6 17. Bxg7 Kxg7
18. Be4 Rb8 {does not promise White much either, as a matter of fact I would
probably rather take black here.}) 14... Qb8 $4 {It might seem harsh to call
this the decisive mistake, but this move is the reason for all Black's
problems later in the game. It's true that Nf4 was a threat, but it could have
been prevented by other means. Black could equalize fairly simply here:} (14...
dxc4 15. bxc4 Rc8 16. Nf4 (16. d5 Nc5 17. Bxg7 Kxg7 {seems more or less equal.}
) 16... Bxc4 17. Bxc4 Nb6 18. Bxf7+ Rxf7 {and if anyone, it is Black who is
better here.}) 15. c5 $1 {Simple and strong. Now it will be very difficult for
Black to develop any kind of counterplay.} Nf6 {Rogozenko: 'After this White
nicely regroups the bishop and achieves a better position.'} (15... b6 $142 $5
$13 {Rogozenko} 16. b4 $2 bxc5 17. bxc5 Nxc5 $17 {[%csl Rb2][%cal Gg7b2]}) 16.
Bc1 $1 {Bishop has done it's job on b2 and now it's time to find a better
square for it. Having the b-file available for a rook may come handy in the
future, as b4,a4,b5 is part of White's plans.} Nh5 {It makes sense to prevent
Bf4 and Bf4, as Black already played Qb8 for this end.} 17. Be3 Bd7 18. f4 $1 {
Initially I wasn't too worried about Black playing e5, but after having a good
look at the position I started to think that White would only have small
advantage if Black was to be allowed to play e5, and I already wanted more at
this point.} (18. h3 e5 19. dxe5 Qxe5 $14) 18... Qc8 19. b4 Bf5 20. Bxf5 $1
gxf5 {The endgame after} (20... Qxf5 21. Qxf5 gxf5 22. a4 {looks uncomfortable
for Black, but would probably still be better than the game continuation.} (22.
Ng3 $2 Nxg3 23. hxg3 h5 $1 {planning Kh7-g6})) 21. Ng3 $3 {'!' Rogozenko.
Probably the best move of the game. After exchanging the knights, Black can no
longer dream of any counterplay. Ironically computer, which has liked White
almost for the whole game, considers this move a blunder and thinks Black is
better now. Perhaps us humans still have some hope left?} Nxg3 22. hxg3 e6 23.
Kf2 $1 {The difference compared to the position without queens. Black cannot
play h5 here, so White has lots of play on both sides of the board. For
example g4 is possible sometimes.} Qd7 24. Rh1 h6 25. a4 Rfc8 26. Qd3 Qd8 27.
Ra3 $5 {Panic. After noticing that my intended} (27. b5 axb5 28. axb5 Rxa1 29.
Rxa1 Rxc5 {fails miserably, I just wanted to play some move. Curiously enough,
this "non-move" leads to White's victory in just few moves, as Black gets
greedy.}) 27... b6 28. Rc1 $1 {Tricky move, provoking Black to win material.}
a5 {'?' Rogozenko.} 29. b5 bxc5 30. dxc5 d4 (30... Bb2 31. Rac3 $1 {also wins
for White.}) 31. Bd2 Bf8 32. c6 Bxa3 33. Qxa3 Qd5 34. Qc5 Qa2 35. Qc2 Qd5 (
35... Qa3 36. b6 {changes nothing.}) 36. Qc4 Qd8 37. Qc5 $1 {Black has no
moves, so he resigned.} 1-0

[Event "DDR-ch 39th"]
[Site "Bad Blankenburg"]
[Date "1990.02.10"]
[Round "4"]
[White "Paehtz, Thomas Sr"]
[Black "Boehnisch, Manfred"]
[Result "1-0"]
[WhiteElo "2430"]
[BlackElo "2355"]
[Annotator "Paehtz,T"]
[PlyCount "63"]
[EventDate "1990.02.07"]
[EventType "tourn"]
[EventRounds "11"]
[EventCountry "DDR"]
[EventCategory "3"]
[SourceTitle "EXT 2003"]
[Source "ChessBase"]
[SourceDate "2002.11.25"]
[SourceVersion "1"]
[SourceVersionDate "2002.11.25"]
[SourceQuality "1"]

1. c4 c6 2. d4 d5 3. Nc3 dxc4 {An dieser Stelle ungewöhnlich.} ({
Normalforsetzungen sind} 3... Nf6) ({oder} 3... e6) 4. e3 b5 5. a4 b4 6. Na2 e6
7. Bxc4 Ba6 $6 ({Besser laut Theorie} 7... Nf6 8. Nf3 Bb7 {Der Tausch des
weissfeldrigen Läufers macht sich später für den Nachziehenden unangenehm
bemerkbar.}) 8. Bxa6 Nxa6 9. Nf3 Nf6 10. O-O Be7 11. Qd3 $2 ({Hier hätte ich
mit} 11. Qe2 {nebst e3-e4 in Vorteil kommen können.}) 11... Qb6 12. Bd2 (12. e4
$2 b3 $1) 12... O-O 13. Nc1 c5 14. Nb3 Rfd8 15. Rfc1 cxd4 16. exd4 Nc7 $2 {
Ein schrecklicher strategischer Fehler. Nun erfolgt der Einbruch über die
c-Linie. Siehe Anmerkung zum 7. Zug.} 17. Ne5 Bd6 18. Rc6 Qb8 19. Qe2 a5 $6 20.
Rac1 Ncd5 21. Bg5 h6 22. Bxf6 gxf6 23. Nf3 Qb7 24. g3 Nc3 $6 {Auf den ersten
Blick sehr verheissungsvoll, aber... [#]} 25. Qc4 {Gekontert!} Nxa4 $2 26. d5
$1 exd5 $6 27. Qg4+ Kf8 (27... Kh8 28. Nbd4 $1) 28. Nbd4 Ra6 29. Rxd6 $1 {
Beseitigt den letzten Verteidiger!} Raxd6 30. Nf5 Nc3 {Verzweiflung} 31. bxc3
b3 32. Re1 1-0

[Event "Qatar Masters op"]
[Site "Doha"]
[Date "2014.12.04"]
[Round "9"]
[White "Sjugirov, Sanan"]
[Black "Oleksienko, Mikhailo"]
[Result "1-0"]
[WhiteElo "2673"]
[BlackElo "2620"]
[Annotator "Pavlovic,M"]
[PlyCount "127"]
[EventDate "2014.11.26"]
[EventType "swiss"]
[EventRounds "9"]
[EventCountry "QAT"]
[SourceTitle "CBM 164"]
[Source "ChessBase"]
[SourceDate "2015.01.15"]
[SourceVersion "1"]
[SourceVersionDate "2015.01.15"]
[SourceQuality "1"]

1. d4 d5 2. c4 c6 3. Nc3 Nf6 4. e3 Bf5 5. cxd5 cxd5 6. Qb3 Bc8 {Black is
losing a tempo but the white queen on b3 doesn't look particularly in a good
place in such positions.} 7. Bd3 e6 8. f4 Be7 9. Nf3 Nc6 10. O-O O-O 11. Ne5
Bd7 {Black has a couple of other choices.} (11... Nd7 12. Bd2 Ndxe5 13. fxe5
Bd7 (13... f6 14. exf6 Rxf6 15. Ne2 Bd7 16. Rxf6 Bxf6 17. Nf4 Qe7 18. Rf1 Be8
19. Qd1 Bf7 20. Qf3 Rd8 21. Bc3 e5 $1 22. Nh5 Bxh5 23. Qxh5 g6 24. Qg4 Bg5 $13
{1/2-1/2 (54) Piorun,K (2532)-Hera,I (2576) Berlin 2014}) 14. Rf3 g6 15. Raf1
Rc8 (15... Qb6 16. Qd1 $5 (16. Qxb6 axb6 17. a3 Kg7 18. Be1 $11 {1/2-1/2 (18)
Vera Gonzalez,J (1551)-Pozo Vera,S (2452) Pamplona 2009}) 16... Qxb2 17. R3f2
$5 Qb6 18. Qg4 $44) 16. Qd1 f5 17. exf6 Rxf6 18. Rxf6 Bxf6 19. Qf3 Kg7 20. Ne2
Qe7 21. Nf4 Bg5 22. Be1 Rf8 23. Bg3 Kg8 24. a3 a6 $13 {0-1 (72) Korobov,A 
(2680)-Vitiugov,N (2742) Dubai (blitz) 2014}) (11... Na5 12. Qd1 a6 13. Bd2 b5
14. b3 Bb7 15. Qe1 (15. a4 $5 b4 16. Na2 Qb6 17. Be1 Rac8 18. Bh4 Rc7 19. Qe1
$1 Ne4 (19... Rb8 20. Rb1 Ba8 21. f5 $1 $36) 20. Bxe7 Rxe7 21. Bxe4 dxe4 22.
Nxb4 $16) 15... Nc6 16. Rc1 Rc8 17. Ne2 Qd6 18. Nxc6 Rxc6 19. Rxc6 Bxc6 20. Qb1
Bd7 21. Rc1 $11 {1/2-1/2 (43) Blagojevic,D (2524)-Movsesian,S (2700) Warsaw
2013}) 12. Bd2 Rc8 13. a3 {White has a viable alternative as well:} (13. Rac1
Na5 14. Qd1 Nc4 15. Rc2 b5 16. Ne2 Ne4 17. Nxc4 bxc4 18. Bxe4 dxe4 19. Qc1 Qb6
20. Bc3 f5 21. Kh1 h5 22. Qe1 Bc6 23. Nc1 Bd5 $13 {1/2-1/2 (56) Nikolic,P 
(2619)-Mastrovasilis,D (2595) Kragujevac 2013}) 13... Na5 14. Qa2 Nc6 15. Qb3
Na5 16. Qa2 Nc6 17. Rac1 Ne8 18. Nxd7 Qxd7 19. Na4 b6 {There is no need for
this move.} (19... Nf6 {the idea is to go ....Bd6 ...Ne7} 20. Nc5 (20. Qb3 Rc7
$1 $13 {[%cal Gf8c8]}) 20... Bxc5 21. Rxc5 Rc7 22. Rfc1 Rfc8 23. Qb3 Ne7 $13)
20. Ba6 Rc7 21. Nc3 Nd6 22. Nb5 Nxb5 23. Bxb5 Qc8 24. Qb3 Na5 $1 25. Qa4 Nc4
26. Bxc4 dxc4 {Still Black has reached a good position.} 27. Bb4 Qe8 28. Qxe8
Rxe8 $11 29. Bxe7 Rexe7 30. Rc3 f5 31. Rfc1 b5 32. Kf2 Kf8 33. Ke2 Ke8 34. Kd2
Rb7 (34... Kd8 35. a4 Rb7 36. axb5 Rxb5 37. Rxc4 Rxb2+ $11) 35. b3 $1 cxb3 36.
Rxb3 Rb6 37. Rc8+ Kf7 38. Rc5 Reb7 39. h3 h6 40. g4 g6 41. Kd3 a6 42. e4 $14 {
White has managed to activate his pieces in an endgame but the position is
still very much balanced.} fxe4+ 43. Kxe4 Rd7 44. h4 Rbd6 45. Rd3 Rd5 (45...
Kg7 46. h5 gxh5 47. Rxh5 Kg6 48. Re5 Kf7 49. d5 $1 exd5+ 50. Rdxd5 Rxd5 51.
Rxd5 Rc7 52. Kf5 $14) 46. Rxd5 Rxd5 47. Rc3 h5 48. Rc7+ Kf8 49. g5 a5 50. Ra7
a4 51. Rb7 Rf5 52. Rd7 Rf7 $2 {The final mistake.} (52... Rd5 $1 $11 {White
simply can't improve.}) 53. Rxf7+ $1 Kxf7 54. Kd3 $18 Ke7 55. Kc3 Kd6 56. Kb4
Kc6 57. Ka5 Kd5 58. Kxb5 Kxd4 59. Kxa4 Ke4 60. Kb3 Kxf4 61. a4 e5 62. Kc3 Kg3
63. a5 e4 64. Kd4 1-0

[Event "EU-ch 6th"]
[Site "Warsaw"]
[Date "2005.06.23"]
[Round "6"]
[White "Navara, David"]
[Black "Postny, Evgeny"]
[Result "0-1"]
[WhiteElo "2647"]
[BlackElo "2556"]
[Annotator "Postny,E"]
[PlyCount "94"]
[EventDate "2005.06.18"]
[EventType "swiss"]
[EventRounds "13"]
[EventCountry "POL"]
[SourceTitle "CBM 108"]
[Source "ChessBase"]
[SourceDate "2005.09.26"]
[SourceVersion "1"]
[SourceVersionDate "2005.09.26"]
[SourceQuality "1"]

1. c4 Nf6 2. d4 c6 3. Nc3 d5 4. e3 a6 5. Qc2 Bg4 {A rare move.} ({More common
lines are:} 5... b5 6. b3 Bg4) ({or} 5... g6) 6. h3 Bh5 7. Qb3 Ra7 8. cxd5 $5 (
8. Nge2 Bxe2 9. Bxe2 e6 10. a4 Bd6 11. a5 Nbd7 12. Bd2 O-O 13. O-O $14 {
1-0 Sadler,M-Hodgson,J/Isle of Man 1995/EXT 97 (42)}) 8... cxd5 9. g4 {White
is going for a concrete measures, trying to exploit of temporary awkwardness
of black's pieces.} Bg6 10. g5 Ne4 (10... Nfd7 $5 11. Nxd5 (11. Qxd5 e6 12. Qg2
Nc6 $44) 11... e6 12. Nc3 Qxg5 $11) 11. Qxd5 Qxd5 12. Nxd5 Nxg5 13. Nc3 {
Covering e4 square.} (13. Bg2 Be4 14. Bxe4 Nxe4 15. f3 Nd6 16. Bd2 e6 17. Nb6
Nd7 18. Nxd7 Kxd7 $11 {Efimov,I-Komarov,D/Italy 1999}) (13. f3 Ne4 $1 $11)
13... Ne4 (13... Nc6 14. h4 Ne4 15. h5 Bf5 16. Bg2 Nxc3 17. bxc3 e5 18. Ne2 Bd6
(18... Bd3 $142 {Huebner,R}) 19. e4 Bd7 20. f4 f6 21. Be3 $14 {0-1 Krasenkow,
M-Miles,A/Las Vegas 1999/CBM 072/[Huebner,R] (45)}) (13... e5 $6 14. Bg2 b5 15.
dxe5 b4 16. Nd5 Nd7 17. h4 Ne4 18. f3 Nec5 19. e4 h5 20. Be3 Nxe5 21. Ke2 f5
22. Bxc5 Bxc5 23. Rc1 Nd7 24. e5 O-O 25. f4 $16 {1-0 Wells,P-Patuzzo,F/
Lausanne 2003/EXT 2005 (50)}) 14. Nxe4 (14. Bg2 Nxc3 15. bxc3 e6 $11) (14. Nge2
Nc6 15. Bg2 Nd6 16. O-O e6 17. b3 Nf5 18. Nf4 Nh4 19. Bh1 Ra8 20. Bb2 Rd8 21.
Rac1 Bf5 22. Nce2 Bd6 23. e4 Bxf4 24. Nxf4 Ng6 25. Nxg6 Bxg6 26. d5 $16 {
1/2-1/2 Wells,P-Kelly,B/Millfield 2000/CBM 077 ext (46)}) 14... Bxe4 15. f3 Bc6
16. e4 e6 17. Be3 $146 {[%csl Ra7][%cal Gd4d5,Ge3a7]} (17. Bc4 Bb5 18. Bxb5+
axb5 19. Ne2 Nc6 {1/2-1/2 Tkachiev,V-Hauchard,A/France 1999/EXT 2000 (19)})
17... Ra8 18. Ne2 Be7 $6 {I did not want to play 18...Nd7, since my idea was
to develop the knight to c6 in order to put pressure on the Pd4. However, the
move in the text is objectively weaker.} (18... Nd7 19. Nc3 Nf6 $11) 19. Nc3
O-O 20. O-O-O Rd8 21. Rh2 {The rook will be transfered to d2 or c2 according
to circumstances.} b5 22. d5 $6 {This breakthrow does not work out properly
for white, due to some counter idea...} (22. Rc2 Bb7 $11) 22... exd5 23. Rhd2 (
23. Nxd5 Bxd5 24. exd5 Bd6 25. Rc2 Nd7 $15) 23... Rc8 $1 {The point! After the
game David told me that he missed this idea.} 24. exd5 (24. Rc2 dxe4 25. Nd5
Bd8 26. h4 (26. Bb6 Nd7 27. Bxd8 Bxd5 28. Rxd5 Rxc2+ 29. Kxc2 Rxd8 30. fxe4 Kf8
$19) (26. fxe4 Bb7 27. Rxc8 Bxc8 28. Bb6 Bg5+ 29. Kb1 Nd7 $17) (26. Nb4 Ba5 $17
) 26... Bxh4 (26... exf3 27. Bh3 Nd7 28. Nb4 Be4 29. Bxd7 Bxc2 30. Nxc2 Rc7 $17
) 27. Nb6 Re8 28. Nxa8 Bxa8 $17) 24... b4 $1 {The idea behind black's previous
move.} 25. dxc6 bxc3 26. bxc3 Nxc6 {White's position is worse, due to a bad
pawn structure and an unsafe position of his monarch. His pair of bishops
compensate the apparent drawbacks only partially.} 27. Rc2 (27. f4 Na5 $15 {
[%cal Ga5c4]}) 27... Ne5 28. Bf4 Nc4 29. Rd7 $2 {The rook has actually nothing
to do on 7th rank.} (29. Re2 Bf6 30. Re4 Nb6 31. c4 Na4 32. Be5 Nc5 33. Re2
Bxe5 34. Rxe5 Rc7 $15) 29... Bf6 $17 {[%csl Rc3][%cal Gc4a3]} 30. Rc7 $4 {
Just a blunder.} ({Necessary was} 30. Bd2) 30... Rxc7 31. Bxc7 Ne3 {[%csl Rc2,
Rf1] Black is winning the exchange and the game.} 32. Bd3 (32. Rf2 Bh4 $19 {
[%csl Rf1,Rf2]}) 32... Nxc2 33. Kxc2 Bxc3 $1 34. Kxc3 Rc8 35. Bxa6 Rxc7+ 36.
Kb4 Kf8 {The position is easily won. White's last trump "a" pawn won't go too
far...} 37. a4 Ke7 38. Bd3 h5 39. a5 Kd6 40. a6 Kc6 41. Ka5 Re7 42. f4 Re3 43.
Bb5+ Kc7 44. h4 Ra3+ 45. Kb4 Rf3 46. Kc5 Rxf4 47. Bc6 Rf6 0-1